书目信息 |
| 题名: |
图像处理与视觉测量
|
|
| 作者: | 李明磊 著 | |
| 分册: | ||
| 出版信息: | 北京 中国原子能出版社 2019 |
|
| 页数: | 166页 | |
| 开本: | 24cm | |
| 丛书名: | ||
| 单 册: | ||
| 中图分类: | TP242.6 , TP391.41 | |
| 科图分类: | ||
| 主题词: | 机器人视觉--图象处理 , 计算机视觉--测量 | |
| 电子资源: | ||
| ISBN: | 978-7-5221-0216-0 | |
| 000 | 00806nam0 2200241 450 | |
| 001 | 2333040127 | |
| 005 | 20231224143020.08 | |
| 010 | @a978-7-5221-0216-0@dCNY66.00 | |
| 100 | @a20200521d2019 em y0chiy50 ea | |
| 101 | 0 | @achi |
| 102 | @aCN@b110000 | |
| 105 | @ay z 000yy | |
| 200 | 1 | @a图像处理与视觉测量@9tu xiang chu li yu shi jue ce liang@f李明磊著 |
| 210 | @a北京@c中国原子能出版社@d2019 | |
| 215 | @a166页@d24cm | |
| 330 | @a本书共七章,内容包括:图像处理与视觉测量概述、图像预处理技术、图像的形态学处理、图像的特征提取、视觉测量原理与技术、图像处理与视觉测量的应用等。 | |
| 606 | 0 | @a机器人视觉@x图象处理 |
| 606 | 0 | @a计算机视觉@x测量 |
| 690 | @aTP242.6@v5 | |
| 690 | @aTP391.41@v5 | |
| 701 | 0 | @a李明磊@9li ming lei@4著 |
| 801 | 0 | @aCN@b山东中教@c20210112 |
| 905 | @aBZT@dTP242.6@e15 | |
| 图像处理与视觉测量/李明磊著.-北京:中国原子能出版社,2019 |
| 166页;24cm |
| ISBN 978-7-5221-0216-0:CNY66.00 |
| 本书共七章,内容包括:图像处理与视觉测量概述、图像预处理技术、图像的形态学处理、图像的特征提取、视觉测量原理与技术、图像处理与视觉测量的应用等。 |
| ● |
| 相关链接 |
|
|
|
正题名:图像处理与视觉测量
索取号:TP242.6/15
 
预约/预借
| 序号 | 登录号 | 条形码 | 馆藏地/架位号 | 状态 | 备注 |
| 1 | 2000981805 | 2000981805 | 中教第一批/山东中教(第一批)/431/ [索取号:TP242.6/15] | 在馆 | |
| 2 | 2000981806 | 2000981806 | 中教第一批/山东中教(第一批)/431/ [索取号:TP242.6/15] | 在馆 | |
| 3 | 2000981807 | 2000981807 | 中教第一批/山东中教(第一批)/431/ [索取号:TP242.6/15] | 在馆 | |
| 4 | 2000981808 | 2000981808 | 中教第一批/山东中教(第一批)/431/ [索取号:TP242.6/15] | 在馆 | |
| 5 | 2000981809 | 2000981809 | 中教第一批/山东中教(第一批)/431/ [索取号:TP242.6/15] | 在馆 | |
| 6 | 2000981810 | 2000981810 | 中教第一批/山东中教(第一批)/431/ [索取号:TP242.6/15] | 在馆 | |
| 7 | 2001447275 | 2001447275 | 516书库/ [索取号:TP242.6/15] | 在馆 | |
| 8 | 2001447276 | 2001447276 | 516书库/ [索取号:TP242.6/15] | 在馆 | |
| 9 | 2001447277 | 2001447277 | 516书库/ [索取号:TP242.6/15] | 在馆 | |
| 10 | 2001447278 | 2001447278 | 516书库/ [索取号:TP242.6/15] | 在馆 | |
| 11 | 2001447279 | 2001447279 | 516书库/ [索取号:TP242.6/15] | 在馆 | |
| 12 | 2001447280 | 2001447280 | 516书库/ [索取号:TP242.6/15] | 在馆 |